[Event "AUTO-INT-1301"]
[Site "http://www.queenalice.com/game.php?id=585761"]
[Date "2009.5.9"]
[Round "1"]
[White "manucies"]
[Black "KeO"]
[Result "1/2-1/2"]
[WhiteElo "1447"]
[BlackElo "1602"]

1. e4 e5 2. d3 Nc6 3. a3 Nf6 4. Bg5 Be7 5. Bxf6 Bxf6 6. Nf3 O-O 7. Nc3 a6 8. b4
a5 9. b5 Nd4 10. Nxd4 exd4 11. Nd5 d6 12. a4 Bg5 13. Be2 c6 14. bxc6 bxc6 15. h4
cxd5 16. hxg5 dxe4 17. dxe4 Qxg5 18. g3 d5 19. Rh5 Qf6 20. exd5 g6 21. Rh4 Ba6
22. Bxa6 Rxa6 23. Rxd4 Re8+ 24. Kf1 h5 25. c4 g5 26. f4 h4 27. gxh4 gxh4 28.
Qg4+ Kf8 29. Rad1 Rd8 30. d6 Raxd6 31. Rxd6 Rxd6 32. Rxd6 Qxd6 33. Qxh4 Qd3+ 34.
Kf2 Qxc4 35. Qh8+ Ke7 36. Qe5+ 1/2-1/2

[Event "AUTO-ADV-1405"]
[Site "http://www.queenalice.com/game.php?id=621210"]
[Date "2009.7.19"]
[Round "1"]
[White "WilsonFerreira"]
[Black "KeO"]
[Result "1-0"]
[WhiteElo "1966"]
[BlackElo "1648"]

1. e4 e5 2. Nf3 Nc6 3. Bc4 Bc5 4. d3 h6 5. Nc3 Nf6 6. Be3 Bxe3 7. fxe3 O-O 8.
Qe2 d6 9. O-O-O Bg4 10. h3 Bxf3 11. gxf3 Na5 12. Rhg1 Nxc4 13. dxc4 c5 14. f4
Qa5 15. Rxd6 exf4 16. Rxf6 Kh8 17. Qg4 Rg8 18. Qxf4 1-0

[Event "AUTO-ADV-1405"]
[Site "http://www.queenalice.com/game.php?id=621211"]
[Date "2009.7.19"]
[Round "1"]
[White "KeO"]
[Black "WilsonFerreira"]
[Result "0-1"]
[WhiteElo "1613"]
[BlackElo "1963"]

1. e4 c5 2. Bc4 e6 3. Nf3 Nc6 4. c3 Be7 5. O-O d6 6. d4 cxd4 7. cxd4 Bd7 8. Nc3
Nf6 9. d5 Na5 10. b3 Nxc4 11. bxc4 Rc8 12. e5 dxe5 13. Nxe5 O-O 14. Rb1 exd5 15.
Rxb7 Be6 16. cxd5 Rxc3 17. dxe6 fxe6 0-1

[Event "AUTO-ADV-1405"]
[Site "http://www.queenalice.com/game.php?id=621226"]
[Date "2009.7.19"]
[Round "1"]
[White "KeO"]
[Black "glasiq"]
[Result "0-1"]
[WhiteElo "1654"]
[BlackElo "1896"]

1. e4 e5 2. Bc4 Nf6 3. Nc3 Bc5 4. Nf3 Nc6 5. O-O O-O 6. a3 d6 7. b4 Bd4 8. Nxd4
Nxd4 9. Nd5 Nxe4 10. f3 Nf6 11. c3 Nxd5 12. Bxd5 Nc6 13. d4 exd4 14. cxd4 Re8
15. f4 Qh4 16. Bxc6 bxc6 17. Qf3 Ba6 18. Qg3 Qxg3 19. hxg3 Bxf1 20. Kxf1 Re4 21.
Bb2 Rae8 22. Bc3 Re3 23. Re1 Rxe1+ 24. Bxe1 Re3 25. a4 f5 26. Kf2 Rd3 0-1

[Event "AUTO-ADV-1405"]
[Site "http://www.queenalice.com/game.php?id=621227"]
[Date "2009.7.19"]
[Round "1"]
[White "glasiq"]
[Black "KeO"]
[Result "1-0"]
[WhiteElo "1874"]
[BlackElo "1664"]

1. d4 d5 2. c4 Nf6 3. Nf3 Bf5 4. Nc3 e6 5. cxd5 Nxd5 6. Qb3 Nb4 7. e4 Bg6 8. a3
N4a6 9. Qxb7 c6 10. Qxa8 Qb6 11. Bxa6 Be7 12. Bf4 O-O 13. Qb7 Nxa6 14. Qxe7 Qxb2
15. O-O Qxc3 16. Bd6 Ra8 17. Qb7 Rd8 18. Be7 Re8 19. Qxa6 Bxe4 20. Qxa7 c5 21.
dxc5 Ra8 22. Qc7 1-0

[Event "AUTO-ADV-1405"]
[Site "http://www.queenalice.com/game.php?id=621228"]
[Date "2009.7.19"]
[Round "1"]
[White "KeO"]
[Black "matamuff"]
[Result "1-0"]
[WhiteElo "1618"]
[BlackElo "1792"]

1. e4 c5 2. Bc4 e6 3. Nf3 a6 4. d4 cxd4 5. Nxd4 Bc5 6. O-O b5 7. b4 Bxd4 8. Qxd4
bxc4 9. Qxg7 Qf6 10. Bb2 Qxg7 11. Bxg7 d6 12. Bxh8 f6 13. f4 Kf7 14. e5 Nd7 15.
exd6 Nh6 16. g4 Nxg4 17. f5 e5 18. Nd2 Bb7 19. Bxf6 Kxf6 20. Rae1 Rg8 21. Ne4+
Kf7 22. Ng3 1-0

[Event "AUTO-ADV-1405"]
[Site "http://www.queenalice.com/game.php?id=621229"]
[Date "2009.7.19"]
[Round "1"]
[White "matamuff"]
[Black "KeO"]
[Result "0-1"]
[WhiteElo "1769"]
[BlackElo "1641"]

1. Nc3 e5 2. Nf3 f6 3. d4 d6 4. e4 g5 5. Be3 g4 6. Nh4 c6 7. Nf5 Bxf5 8. exf5
Nh6 9. Bd3 Qd7 10. Bxh6 Bxh6 11. Qxg4 Qe7 12. Qh5+ Kd7 13. Bc4 exd4+ 14. Be6+
Kc7 15. O-O dxc3 16. Qxh6 cxb2 17. Rab1 Nd7 18. Rxb2 b5 19. Qe3 Nc5 20. Re1 Nxe6
21. Qxe6 Qxe6 0-1

[Event "AUTO-INT-1383"]
[Site "http://www.queenalice.com/game.php?id=621387"]
[Date "2009.7.19"]
[Round "1"]
[White "chess2009"]
[Black "KeO"]
[Result "1-0"]
[WhiteElo "1648"]
[BlackElo "1628"]

1. e4 e5 2. Nf3 Nc6 3. d4 f6 4. c3 b5 5. Bxb5 g5 6. h3 a6 7. Bxc6 dxc6 8. dxe5
g4 9. Nfd2 h5 10. c4 fxe5 11. Nc3 Nf6 12. f3 Rg8 13. hxg4 hxg4 14. Qe2 Qd4 15.
a4 Bb4 16. Na2 Rb8 17. Kf1 g3 18. Nc3 Bxc3 19. bxc3 Qxc3 20. Rh6 Qxa1 21. Qd1
Rb1 22. Nxb1 Qxb1 23. Rxf6 Qb6 24. Qe1 Rh8 25. Ke2 Ke7 26. Rg6 Be6 27. Bg5+ Kd6
28. Qd2+ Qd4 29. Qb4+ c5 30. Qe1 Qxc4+ 31. Kd1 Qd3+ 32. Bd2 Rg8 33. Qxg3 Rxg6
34. Qxg6 c6 35. g4 Kd7 36. Qg7+ Kd6 37. Qh8 Bb3+ 38. Ke1 1-0

[Event "AUTO-INT-1383"]
[Site "http://www.queenalice.com/game.php?id=621388"]
[Date "2009.7.19"]
[Round "1"]
[White "KeO"]
[Black "chess2009"]
[Result "0-1"]
[WhiteElo "1645"]
[BlackElo "1631"]

1. e4 e5 2. Bc4 f6 3. Nf3 c6 4. d4 Ne7 5. dxe5 b5 6. exf6 gxf6 7. b4 bxc4 8. O-O
Na6 9. Qd6 Qc7 10. Qxf6 Rg8 11. Ne5 Rg7 12. Bh6 Ng8 13. Qf4 Nxh6 14. Nd2 d5 15.
Rae1 c3 16. exd5 cxd5 17. Nc6+ Re7 18. Qxc7 Nxc7 19. Nxe7 Bxe7 20. Nf3 Bf5 21.
Ng5 Bxc2 22. f4 Ng8 23. f5 O-O-O 24. Nxh7 Bd3 25. Rf3 Bc4 26. f6 Bxb4 27. a3 Ba5
28. f7 c2 29. Rc1 Bb3 30. f8=Q Rxf8 31. Rxf8+ Kb7 32. Rxg8 d4 33. Rd8 Bd2 34.
Rxc2 Bxc2 35. Kf1 Bxh7 36. Rxd4 Bc1 37. a4 Bg8 38. g4 Ne6 0-1

[Event "AUTO-INT-1383"]
[Site "http://www.queenalice.com/game.php?id=621399"]
[Date "2009.7.19"]
[Round "1"]
[White "Givanildo"]
[Black "KeO"]
[Result "1-0"]
[WhiteElo "1431"]
[BlackElo "1656"]

1. e4 e5 2. Bc4 Bc5 3. c3 Nf6 4. f3 O-O 5. d4 d5 6. exd5 exd4 7. cxd4 Bb4+ 8.
Bd2 a5 9. Ne2 Nxd5 10. Bxd5 Qxd5 11. Bxb4 axb4 12. b3 c5 13. dxc5 Qxc5 14. Nd2
Re8 15. Ne4 Qc6 16. N2g3 f5 17. O-O fxe4 18. fxe4 Nd7 19. Rc1 Qb6+ 20. Kh1 Rxa2
21. Qf3 Nc5 22. Qf7+ Kh8 23. Qxe8# 1-0

[Event "AUTO-INT-1383"]
[Site "http://www.queenalice.com/game.php?id=621400"]
[Date "2009.7.19"]
[Round "1"]
[White "KeO"]
[Black "Givanildo"]
[Result "0-1"]
[WhiteElo "1691"]
[BlackElo "1404"]

1. e4 e5 2. Bc4 c6 3. Nf3 d5 4. exd5 cxd5 5. Bb3 e4 6. Nd4 Nf6 7. O-O Bg4 8. f3
Bh5 9. g4 Bg6 10. d3 Bc5 11. c3 O-O 12. g5 Nh5 13. dxe4 dxe4 14. fxe4 Nc6 15.
Be3 Bxd4 16. Bxd4 Qxg5+ 17. Kf2 Qh4+ 18. Ke2 Nf4+ 19. Kd2 Bh5 20. Rxf4 Qxf4+ 21.
Be3 Qxh2+ 22. Kc1 Bxd1 23. Bxd1 Ne5 24. Nd2 Nd3+ 25. Kc2 Ne1+ 26. Kb3 a5 27. a4
Qd6 28. Nc4 Qe6 29. Be2 b5 30. Rxe1 Rfb8 31. axb5 a4+ 32. Kc2 Qxe4+ 33. Bd3 Qd5
34. Bf4 Rxb5 35. Be4 Qxc4 36. Bxa8 Qb3+ 37. Kd3 f6 38. Kd4 Ra5 39. Re8+ Kf7 40.
Rb8 Qd1+ 41. Kc4 Qf1+ 42. Kb4 Qxf4+ 43. Kxa5 Qxb8 44. Bd5+ Kf8 45. c4 Qxb2 46.
Kxa4 g5 0-1

[Event "AUTO-INT-1383"]
[Site "http://www.queenalice.com/game.php?id=621405"]
[Date "2009.7.19"]
[Round "1"]
[White "dwrogers"]
[Black "KeO"]
[Result "0-1"]
[WhiteElo "1646"]
[BlackElo "1640"]

1. e4 e5 2. Nf3 Nc6 3. Nc3 Bc5 4. Bb5 Nh6 5. Bxc6 dxc6 6. Nxe5 O-O 7. O-O f5 8.
exf5 Rxf5 9. Nf3 Qd6 10. d3 Ng4 11. d4 Rxf3 12. g3 Rf8 13. dxc5 Qxc5 14. Ne4 Qh5
15. h4 Qg6 16. Qd3 Bf5 17. Qb3+ Kh8 18. Nc5 Bxc2 19. Be3 Bxb3 20. axb3 Nxe3 21.
Rfc1 Qf6 22. fxe3 Qf2+ 23. Kh1 Qxg3 24. Ne4 Qf3+ 0-1

[Event "AUTO-INT-1383"]
[Site "http://www.queenalice.com/game.php?id=621406"]
[Date "2009.7.19"]
[Round "1"]
[White "KeO"]
[Black "dwrogers"]
[Result "0-1"]
[WhiteElo "1617"]
[BlackElo "1634"]

1. e4 e5 2. Bc4 Nf6 3. Nc3 Bb4 4. Nf3 Bxc3 5. dxc3 d6 6. Ng5 O-O 7. Qf3 Bg4 8.
Qg3 Be6 9. Bxe6 Qe8 10. Qh3 fxe6 11. Qxe6+ Qxe6 12. Nxe6 Rc8 13. O-O Nxe4 14. f4
Nc6 15. fxe5 dxe5 16. c4 Nb4 17. c3 Nd3 18. a4 a5 19. Ng5 Nxg5 20. Bxg5 Nxb2 21.
c5 Nd3 22. Be3 Nb2 23. Rfb1 Nc4 24. Bf2 Nd2 25. Rxb7 Ne4 26. c4 Nxf2 27. Kxf2 e4
28. Ke3 Re8 29. Rxc7 Rac8 30. Rxc8 Rxc8 31. Kxe4 Rxc5 32. Kd4 Rh5 33. Rh1 Kf8
34. g4 Rh4 35. h3 Ke8 36. Kd5 Kd8 37. c5 h5 38. g5 Rxa4 39. c6 Ra3 0-1

[Event "Challenge"]
[Site "http://www.queenalice.com/game.php?id=621603"]
[Date "2009.7.19"]
[Round "-"]
[White "charles31"]
[Black "KeO"]
[Result "1-0"]
[WhiteElo "1690"]
[BlackElo "1631"]

1. e4 e5 2. Nf3 Nc6 3. a3 Nf6 4. Bb5 Nxe4 5. Bxc6 dxc6 6. d3 Nf6 7. Nxe5 Bc5 8.
O-O O-O 9. h3 Re8 10. Nf3 Bd4 11. Bg5 h6 12. Nxd4 Qxd4 13. Nc3 hxg5 14. Qf3 g4
15. hxg4 Bxg4 16. Qg3 Be2 17. Rfe1 Qg4 18. Qxg4 Nxg4 19. Nxe2 Rad8 20. Ng3 b5
21. Ne4 f5 22. Ng5 Rxe1+ 23. Rxe1 c5 24. Re7 c4 25. g3 a5 26. dxc4 bxc4 27. Rxc7
Ne5 28. b3 cxb3 29. cxb3 Kf8 30. Ne6+ Ke8 31. Nxd8 Kxd8 32. Rc5 Nf3+ 33. Kg2 Nd4
34. Rd5+ Ke7 35. Rxd4 Kf6 36. Ra4 Kg5 37. Rxa5 g6 38. f3 1-0